Powiaty o nieschematycznych nazwach - Statystyki

Ogólne statystyki
  • Ten quiz został rozwiązany 2 011 razy
  • Średni wynik to 6 z 10
Statystyki odpowiedzi
Geneza nazwy Województwo Powiat Siedziba powiatu % Poprawnych
Pasmo górskie na obszarze powiatu małopolskie tatrzański Zakopane
92%
Pasmo górskie na obszarze powiatu podkarpackie bieszczadzki Ustrzyki Dolne
86%
Pasmo górskie na obszarze powiatu dolnośląskie karkonoski Jelenia Góra (poza granicami powiatu)
72%
Duże miasto obok powiatu pomorskie gdański Pruszcz Gdański
60%
Położenie względem miasta powiatowego łódzkie łódzki wschodni Łódź (poza granicami powiatu)
56%
Duże miasto obok powiatu mazowieckie warszawski zachodni Ożarów Mazowiecki
50%
Dwa największe miasta powiatu śląskie bieruńsko-lędziński Bieruń
42%
Dwa największe miasta powiatu podkarpackie ropczycko-sędziszowski Ropczyce
37%
Dwa największe miasta powiatu wielkopolskie czarnkowsko-trzcianecki Czarnków
36%
Dwa największe miasta powiatu lubuskie strzelecko-drezdenecki Strzelce Krajeńskie
35%
Nie znaleziono quizów pasujących do podanych kryteriów
Rozkład punktacji
Procent ludzi z każdym wynikiem
Percentyl według liczby udzielonych odpowiedzi
Twoja historia wyników
Nie rozwiązałeś tego quizu